[Event "POL-ch Rapid U18"]
[Site "Bydgoszcz"]
[Date "2023.08.29"]
[Round "4"]
[White "Rozanski, Mateusz"]
[Black "Zawal, Krzysztof"]
[Result "1-0"]
[WhiteElo "1932"]
[BlackElo "1575"]
[PlyCount "90"]
[EventDate "2023.08.28"]
[EventType "swiss"]
[EventRounds "11"]
[EventCountry "POL"]
[SourceTitle "EXT 2024"]
[Source "ChessBase"]
[SourceDate "2023.10.10"]
[SourceVersion "1"]
[SourceVersionDate "2023.10.10"]
[SourceQuality "1"]

1. e4 c5 2. Nc3 g6 3. Nge2 Bg7 4. d4 cxd4 5. Nxd4 Nc6 6. Be3 Nf6 7. f3 0-0 8. Qd2 d5 9. 0-0-0 dxe4 10. fxe4 Nxd4 11. Bxd4 Be6 12. Be2 a6 13. Bf3 Qc7 14. Qe3 Nd7 15. Bxg7 Kxg7 16. h4 Qc5 17. Rd4 Ne5 18. h5 Nc4 19. Qg1 Rad8 20. Nd5 Bxd5 21. exd5 e5 22. Re4 Qxg1+ 23. Rxg1 b5 24. b3 f5 25. Re2 e4 26. bxc4 exf3 27. gxf3 bxc4 28. hxg6 hxg6 29. Rd1 Rd6 30. f4 Rfd8 31. Re7+ Kg8 32. Re5 Kf7 33. Kb2 Kf6 34. Kc3 g5 35. Kxc4 gxf4 36. Kd4 Rb6 37. c4 Rb2 38. Rf1 Rxa2 39. Rxf4 Rd2+ 40. Ke3 Rc2 41. Rexf5+ Kg6 42. Re5 a5 43. Kd3 Rc1 44. Re6+ Kg7 45. Ra6 Rc8 1-0

[Event "EU-chT U12"]
[Site "Iasi"]
[Date "2023.07.30"]
[Round "7.1"]
[White "Petroff, Vlad"]
[Black "Rozanski, Mateusz"]
[Result "0-1"]
[WhiteElo "1643"]
[BlackElo "1925"]
[PlyCount "78"]
[EventDate "2023.07.24"]
[EventType "team-swiss"]
[EventRounds "7"]
[EventCountry "ROU"]
[SourceTitle "CBM 215 Extra"]
[Source "ChessBase"]
[SourceDate "2023.09.30"]
[SourceVersion "1"]
[SourceVersionDate "2023.09.30"]
[SourceQuality "1"]
[WhiteTeam "Romania Arnia U12"]
[BlackTeam "Poland U12"]
[WhiteTeamCountry "ROU"]
[BlackTeamCountry "POL"]

1. d4 d5 2. Bg5 f6 3. Bd2 Nc6 4. e3 e5 5. Bb5 Bd6 6. c4 a6 7. Ba4 dxc4 8. Bxc6+ bxc6 9. Qa4 Qd7 10. Qxc4 exd4 11. Qxd4 Ne7 12. Nf3 Bb7 13. Bb4 Qe6 14. 0-0 0-0-0 15. Bxd6 Rxd6 16. Qc5 Rd5 17. Qc4 Rhd8 18. Nc3 c5 19. Nxd5 Bxd5 20. Qf4 g5 21. Qg3 h5 22. h3 Nf5 23. Qh2 Bxf3 24. gxf3 Nh4 25. Qg3 Qc6 26. Rfd1 Nxf3+ 27. Kh1 Nh4+ 28. Kg1 Nf3+ 29. Kh1 Nh4+ 30. Kg1 Re8 31. a3 f5 32. b4 c4 33. a4 Qf6 34. f4 g4 35. Ra2 Nf3+ 36. Kf2 h4 37. Qg2 g3+ 38. Ke2 Rxe3+ 39. Kxe3 Qe6+ 0-1

[Event "POL-chT U18 1st"]
[Site "Poland"]
[Date "2022.06.27"]
[Round "3.4"]
[White "Rozanski, Mateusz"]
[Black "Rozek, Michal"]
[Result "0-1"]
[WhiteElo "1720"]
[BlackElo "1479"]
[PlyCount "110"]
[EventDate "2022.06.25"]
[EventType "team-swiss"]
[EventRounds "9"]
[EventCountry "POL"]
[SourceTitle "EXT 2023"]
[Source "ChessBase"]
[SourceDate "2022.10.05"]
[SourceVersion "1"]
[SourceVersionDate "2022.10.05"]
[SourceQuality "1"]
[WhiteTeam "Wroclaw Invest Polonia"]
[BlackTeam "Czerwionka Leszczyny Skoczek"]
[WhiteTeamCountry "POL"]
[BlackTeamCountry "POL"]

1. e4 e5 2. Nf3 Nc6 3. Bb5 Nf6 4. d3 Bc5 5. 0-0 d6 6. c3 0-0 7. d4 Bb6 8. Bxc6 bxc6 9. Qd3 Qe7 10. Re1 h6 11. h3 Re8 12. Nbd2 a5 13. b3 a4 14. Ba3 Qe6 15. Qc2 Nh5 16. dxe5 Nf4 17. Nh4 Qxe5 18. Ndf3 Qf6 19. Bc1 axb3 20. Qxb3 Bxf2+ 21. Kxf2 Nd3+ 22. Ke2 Nxe1 23. Kxe1 Rxe4+ 24. Kd1 g5 25. Qc2 d5 26. Bb2 gxh4 27. c4 Qf5 28. Qd2 Qf4 29. cxd5 Qxd2+ 30. Nxd2 Rea4 31. dxc6 Rxa2 32. Rxa2 Rxa2 33. Be5 Be6 34. Ne4 Bb3+ 35. Ke1 Rc2 36. Nc3 Rxg2 37. Bxc7 Rg6 38. Bd8 Rxc6 39. Ne2 Be6 40. Bxh4 Bxh3 41. Kf2 Be6 42. Nf4 Rc3 43. Bf6 Rb3 44. Kg2 Bg4 45. Kh2 h5 46. Kg2 Kf8 47. Kh2 Ke8 48. Kg2 Kd7 49. Kh2 Kd6 50. Kg2 Rf3 51. Bg5 Ke5 52. Ne2 Rf5 53. Bf4+ Rxf4 54. Nxf4 Kxf4 55. Kh2 Ke3 0-1

[Event "POL-ch U10"]
[Site "Jastrzebia Gora"]
[Date "2021.??.??"]
[Round "4"]
[White "Golis, Wiktor"]
[Black "Rozanski, Mateusz"]
[Result "0-1"]
[WhiteElo "1403"]
[BlackElo "1356"]
[PlyCount "78"]
[EventDate "2021.02.28"]
[EventType "swiss"]
[EventRounds "9"]
[EventCountry "POL"]
[SourceTitle "EXT 2022"]
[Source "ChessBase"]
[SourceDate "2021.10.06"]
[SourceVersion "1"]
[SourceVersionDate "2021.10.06"]
[SourceQuality "1"]

1. e4 c5 2. Nf3 Nc6 3. d4 cxd4 4. Nxd4 d6 5. Nc3 e6 6. Bc4 a6 7. Be3 Nf6 8. Qe2 Be7 9. 0-0-0 0-0 10. Rhg1 Qc7 11. Bb3 b5 12. g4 b4 13. Na4 Nxe4 14. Qc4 Bd7 15. Nxe6 Bxe6 16. Qxe4 Bxb3 17. axb3 Rab8 18. Rg3 Rfe8 19. Rh3 h6 20. Qc4 Rec8 21. Qe4 Rb5 22. f4 d5 23. Rxd5 Rxd5 24. Qxd5 Nd4 25. Qc4 Qb7 26. Qf1 Qe4 27. Kb1 Qxc2+ 28. Ka1 Nxb3+ 29. Ka2 Nc1+ 30. Bxc1 Qxa4+ 31. Kb1 b3 32. Rxb3 Qxb3 33. Qe2 Bf6 34. g5 hxg5 35. fxg5 Bd4 36. g6 fxg6 37. h4 Qc4 38. Qd2 Qxc1+ 39. Qxc1 Rxc1+ 0-1